000 00729nam a22002297a 4500
005 20210325214637.0
008 s1985 eng d
020 _a0721409385
041 _aeng
050 _aPZ 7 M32W 1985
100 0 _aDavis, Jon
245 1 0 _aWhen the clock struck thirteen
260 3 _aLondon :
_bLadybird Books,
_c1985
300 _a45 p. :
_b ill. ;
_c 18 cm.
650 0 4 _aReaders -- Juvenlie literature
650 0 4 _aTales -- Juvenile literature
850 _aNALT
942 _cGB
997 _aG 3365
997 _c000000000077196
998 _aนางสาวอรุณทิพย์ จันทร์ดิษฐ์
999 _c77196
_d77196